An introduction to the principles of medical imaging

Bibliographic Details
Main Authors: Guy, Chris (Author), Ffytche, Dominic (Author)
Format: Book
Language:English
Published: London : Imperial College , c2005
Edition:Revised ed
Subjects:

MARC

LEADER 00000cam a2200000 7i4500
001 0000060421
005 20221108093000.0
008 090218s2005 enk eng
020 |a 1860945023 (hbk.) 
020 |a 9781860945021 (hbk.) 
050 0 0 |a RC78.7.D53   |b G89 2005 
060 1 0 |a WN 180   |b G986i 2005 
090 0 0 |a RC78.7.D53   |b G89 2005 
100 1 |a Guy, Chris ,   |e author 
245 1 3 |a An introduction to the principles of medical imaging   |c Chris Guy, Dominic Ffytche 
250 |a Revised ed 
260 |a London :   |b Imperial College ,   |c c2005 
300 |a xlv, 374 p. :   |b ill. ;   |c 23 cm. 
504 |a Includes bibliographical references and index 
505 0 |a 1. Tomography -- 2. Atomic and nuclear physics -- 3. Radiation protection -- 4. X-ray radiography -- 5. Nuclear medicine: gamma imaging -- 6. Magnetic resonance imaging -- 7. Ultrasound imaging -- 8. Imaging in clinical practice 
650 0 |a Diagnostic imaging 
650 0 |a Physics 
650 1 2 |a Diagnostic imaging 
650 2 2 |a Physics 
700 1 |a Ffytche, Dominic ,   |e author 
999 |a 1000123322   |b Book   |c OPEN SHELF (30 DAYS)   |e Gong Badak Campus 
999 |a 1000123323   |b Book   |c OPEN SHELF (30 DAYS)   |e Medical Campus